| 000 | 11134nam a22002537a 4500 | ||
|---|---|---|---|
| 005 | 20251024093411.0 | ||
| 008 | 251023b |||||||| |||| 00| 0 eng d | ||
| 020 | _a9789390166855 | ||
| 040 | _cAL | ||
| 041 | _akan | ||
| 082 |
_a332.4019K _bHOUH |
||
| 100 |
_aMorgan Housel _9242609 |
||
| 100 |
_dಮೋರ್ಗನ್ ಹೌಸೆಲ್ _9242545 |
||
| 245 |
_aHanada manovijnana _b: ಹಣದ ಮನೋವಿಜ್ಞಾನ |
||
| 260 |
_aAhamadabad _bJaico Publishing House _c2025 |
||
| 300 |
_aviii,239p. _bPB _c21.5x14cm |
||
| 365 |
_2Psychology _aMAA4-3331584 _b₹159.60 _c₹ _d₹159.60 _e0 _f05-10-2025 |
||
| 520 | _aಮಾರ್ಗನ್ ಹೌಸೆಲ್ ಅವರ "ದಿ ಸೈಕಾಲಜಿ ಆಫ್ ಮನಿ" ಮಾನವ ನಡವಳಿಕೆ ಮತ್ತು ಆರ್ಥಿಕ ನಿರ್ಧಾರಗಳ ನಡುವಿನ ಸಂಕೀರ್ಣ ಸಂಬಂಧದ ಬಗ್ಗೆ ಚಿಂತನಶೀಲ ಪರಿಶೋಧನೆಯಾಗಿದೆ. 2020 ರಲ್ಲಿ ಬಿಡುಗಡೆಯಾದ ಈ ಪುಸ್ತಕವು ಸಾಂಪ್ರದಾಯಿಕ ಆರ್ಥಿಕ ಸಲಹೆಯನ್ನು ಮೀರಿ ನಮ್ಮ ಹಣಕಾಸಿನ ಆಯ್ಕೆಗಳನ್ನು ಚಾಲನೆ ಮಾಡುವ ಮಾನಸಿಕ ಅಂಶಗಳನ್ನು ಪರಿಶೀಲಿಸಲು ಹಣ ನಿರ್ವಹಣೆಯ ಕುರಿತು ಒಂದು ಉಲ್ಲಾಸಕರ ದೃಷ್ಟಿಕೋನವನ್ನು ನೀಡುತ್ತದೆ. ಕೊಲ್ಯಾಬರೇಟಿವ್ ಫಂಡ್ನ ಪಾಲುದಾರ ಮತ್ತು ಅನುಭವಿ ಹಣಕಾಸು ಬರಹಗಾರರಾದ ಹೌಸೆಲ್, ಅನುಭವದ ಸಂಪತ್ತನ್ನು ಈ ಲೇಖನಕ್ಕೆ ತರುತ್ತಾರೆ. ಅವರು ನೈಜ ಜಗತ್ತಿನ ಉಪಾಖ್ಯಾನಗಳು, ಐತಿಹಾಸಿಕ ಉದಾಹರಣೆಗಳು ಮತ್ತು ಮಾನಸಿಕ ಒಳನೋಟಗಳನ್ನು ಸಂಯೋಜಿಸಿ ಜೀವನದ ಎಲ್ಲಾ ಹಂತಗಳ ಓದುಗರೊಂದಿಗೆ ಪ್ರತಿಧ್ವನಿಸುವ ಬಲವಾದ ನಿರೂಪಣೆಯನ್ನು ರಚಿಸುತ್ತಾರೆ. ಈ ಪುಸ್ತಕವು ಹಣವನ್ನು ನಿರ್ವಹಿಸುವ ಮಾರ್ಗದರ್ಶಿ ಮಾತ್ರವಲ್ಲ; ಇದು ನಮ್ಮ ಆರ್ಥಿಕ ಯೋಗಕ್ಷೇಮದ ಮೇಲೆ ಪ್ರಭಾವ ಬೀರುವ ಭಾವನಾತ್ಮಕ ಮತ್ತು ನಡವಳಿಕೆಯ ಸೂಕ್ಷ್ಮ ವ್ಯತ್ಯಾಸಗಳನ್ನು ಅರ್ಥಮಾಡಿಕೊಳ್ಳುವ ಪ್ರಯಾಣವಾಗಿದೆ. ಹೌಸೆಲ್ ಪರಿಭಾಷೆ ಮತ್ತು ಸಂಕೀರ್ಣ ಆರ್ಥಿಕ ಸಿದ್ಧಾಂತಗಳನ್ನು ತಪ್ಪಿಸುತ್ತಾರೆ, ವಿವಿಧ ಹಂತದ ಆರ್ಥಿಕ ಸಾಕ್ಷರತೆ ಹೊಂದಿರುವ ಓದುಗರಿಗೆ ವಿಷಯವನ್ನು ಪ್ರವೇಶಿಸುವಂತೆ ಮಾಡುತ್ತಾರೆ. ಅವರ ಸ್ವಂತ ಅನುಭವಗಳು ಮತ್ತು ಗಮನಾರ್ಹ ವ್ಯಕ್ತಿಗಳ ಅನುಭವಗಳಿಂದ ಪಡೆದ ಕಥೆ ಹೇಳುವ ವಿಧಾನವು, ಹಣಕಾಸು ತಜ್ಞರ ಉಪನ್ಯಾಸಕ್ಕಿಂತ ಬುದ್ಧಿವಂತ ಸ್ನೇಹಿತನೊಂದಿಗಿನ ಸಂಭಾಷಣೆಯಂತೆ ಭಾಸವಾಗುವ ನಿರೂಪಣೆಯನ್ನು ಸೃಷ್ಟಿಸುತ್ತದೆ. ಕೇಂದ್ರ ವಿಷಯವು ಸಂಪತ್ತು ಬ್ಯಾಲೆನ್ಸ್ ಶೀಟ್ನಲ್ಲಿರುವ ಡಾಲರ್ಗಳು ಮತ್ತು ಸೆಂಟ್ಗಳ ಬಗ್ಗೆ ಮಾತ್ರವಲ್ಲ, ಹಣದೊಂದಿಗಿನ ನಮ್ಮ ಸಂಬಂಧವನ್ನು ರೂಪಿಸುವ ಭಾವನೆಗಳು, ಮೌಲ್ಯಗಳು ಮತ್ತು ಕಥೆಗಳ ಬಗ್ಗೆಯೂ ಇದೆ ಎಂಬ ಕಲ್ಪನೆಯ ಸುತ್ತ ಸುತ್ತುತ್ತದೆ. ವೈಯಕ್ತಿಕ ಹಣಕಾಸು ಸಂಖ್ಯೆಗಳಿಗಿಂತ ನಡವಳಿಕೆಯ ಬಗ್ಗೆ ಹೆಚ್ಚು ಎಂದು ಹೌಸೆಲ್ ವಾದಿಸುತ್ತಾರೆ ಮತ್ತು ಉತ್ತಮ ಆರ್ಥಿಕ ನಿರ್ಧಾರಗಳನ್ನು ತೆಗೆದುಕೊಳ್ಳಲು ನಮ್ಮ ಮಾನಸಿಕ ಪಕ್ಷಪಾತಗಳನ್ನು ಅರ್ಥಮಾಡಿಕೊಳ್ಳುವುದು ನಿರ್ಣಾಯಕವಾಗಿದೆ. ಈ ಪುಸ್ತಕವನ್ನು ಬಹು ಅಧ್ಯಾಯಗಳಾಗಿ ವಿಂಗಡಿಸಲಾಗಿದೆ, ಪ್ರತಿಯೊಂದೂ ಹಣದ ಮನೋವಿಜ್ಞಾನದ ಒಂದು ನಿರ್ದಿಷ್ಟ ಅಂಶವನ್ನು ತಿಳಿಸುತ್ತದೆ. ಹೌಸೆಲ್ ಉಳಿತಾಯದ ಪ್ರಾಮುಖ್ಯತೆ, ಸಂಯುಕ್ತದ ಪ್ರಭಾವ, ಅದೃಷ್ಟ ಮತ್ತು ಅಪಾಯದ ಪಾತ್ರ ಮತ್ತು ಸಂಪತ್ತನ್ನು ನಿರ್ಮಿಸುವಲ್ಲಿ ಸಮಯದ ಮಹತ್ವದಂತಹ ವಿಷಯಗಳನ್ನು ಪರಿಶೋಧಿಸುತ್ತದೆ. ಪ್ರತಿಯೊಂದು ಅಧ್ಯಾಯವು ಮೂಲಭೂತ ಪರಿಕಲ್ಪನೆಯ ಸ್ವತಂತ್ರ ಪರಿಶೋಧನೆಯಾಗಿದ್ದು, ಓದುಗರು ತಮ್ಮದೇ ಆದ ವೇಗದಲ್ಲಿ ಮಾಹಿತಿಯನ್ನು ಹೀರಿಕೊಳ್ಳಲು ಅನುವು ಮಾಡಿಕೊಡುತ್ತದೆ. "ಸಂಪತ್ತನ್ನು ಗಳಿಸುವುದು vs. ಶ್ರೀಮಂತರಾಗಿ ಉಳಿಯುವುದು" ಎಂಬ ಅಧ್ಯಾಯವು ಎದ್ದು ಕಾಣುವ ಅಧ್ಯಾಯಗಳಲ್ಲಿ ಒಂದಾಗಿದೆ, ಇದರಲ್ಲಿ ಹೌಸೆಲ್ ಸಂಪತ್ತನ್ನು ನಿರ್ಮಿಸುವುದು ಮತ್ತು ಅದನ್ನು ಸಂರಕ್ಷಿಸುವುದರ ನಡುವಿನ ವ್ಯತ್ಯಾಸವನ್ನು ಒತ್ತಿಹೇಳುತ್ತಾರೆ. ಆಕರ್ಷಕ ಉದಾಹರಣೆಗಳ ಮೂಲಕ, ಆರ್ಥಿಕ ಯಶಸ್ಸು ಹೆಚ್ಚಾಗಿ ಅಸಾಧಾರಣ ಲಾಭಗಳನ್ನು ಸಾಧಿಸುವ ಬದಲು ದುರಂತ ತಪ್ಪುಗಳನ್ನು ತಪ್ಪಿಸುವುದರ ಮೇಲೆ ಹೇಗೆ ಅವಲಂಬಿತವಾಗಿದೆ ಎಂಬುದನ್ನು ಅವರು ವಿವರಿಸುತ್ತಾರೆ. ಈ ಸೂಕ್ಷ್ಮ ದೃಷ್ಟಿಕೋನವು ಸಾಮಾನ್ಯವಾಗಿ ಅಪಾಯವನ್ನು ತೆಗೆದುಕೊಳ್ಳುವುದನ್ನು ಆಕರ್ಷಕವಾಗಿ ಮಾಡುವ ಸಾಂಪ್ರದಾಯಿಕ ಬುದ್ಧಿವಂತಿಕೆಯನ್ನು ಪ್ರಶ್ನಿಸುತ್ತದೆ. ಹೌಸೆಲ್ ಅವರ ಬರವಣಿಗೆಯ ಶೈಲಿ ಆಕರ್ಷಕ ಮತ್ತು ಪ್ರಾಯೋಗಿಕವಾಗಿದೆ. ಅವರು ತ್ವರಿತ ಶ್ರೀಮಂತರಾಗುವ ಯೋಜನೆಗಳು ಅಥವಾ ಒಂದೇ ಗಾತ್ರದ ಪರಿಹಾರಗಳನ್ನು ಭರವಸೆ ನೀಡುವುದಿಲ್ಲ. ಬದಲಾಗಿ, ಅವರು ಓದುಗರು ತಮ್ಮ ಪ್ರತ್ಯೇಕತೆಯನ್ನು ಅಳವಡಿಸಿಕೊಳ್ಳಲು ಮತ್ತು ಅವರ ಮೌಲ್ಯಗಳು ಮತ್ತು ಗುರಿಗಳೊಂದಿಗೆ ಹೊಂದಿಕೊಂಡ ಆರ್ಥಿಕ ನಿರ್ಧಾರಗಳನ್ನು ತೆಗೆದುಕೊಳ್ಳಲು ಪ್ರೋತ್ಸಾಹಿಸುತ್ತಾರೆ. ಹಣ ನಿರ್ವಹಣೆಯ ಆಧಾರವಾಗಿರುವ ತತ್ವಗಳನ್ನು ಅರ್ಥಮಾಡಿಕೊಳ್ಳಲು ಪುಸ್ತಕವು ಮಾರ್ಗದರ್ಶಿಯಾಗಿ ಕಾರ್ಯನಿರ್ವಹಿಸುತ್ತದೆ, ಓದುಗರು ಈ ಪಾಠಗಳನ್ನು ಅವರ ವಿಶಿಷ್ಟ ಸಂದರ್ಭಗಳಿಗೆ ಅನ್ವಯಿಸಲು ಅನುವು ಮಾಡಿಕೊಡುತ್ತದೆ. ಇದಲ್ಲದೆ, "ಹಣದ ಮನೋವಿಜ್ಞಾನ" ವೈಯಕ್ತಿಕ ಹಣಕಾಸಿಗೆ ಸೀಮಿತವಾಗಿಲ್ಲ; ಇದು ಸಂಪತ್ತು ಮತ್ತು ಯಶಸ್ಸಿನ ಕಡೆಗೆ ಸಾಮಾಜಿಕ ವರ್ತನೆಗಳ ವಿಶಾಲ ಕ್ಷೇತ್ರಕ್ಕೆ ತನ್ನ ಒಳನೋಟಗಳನ್ನು ವಿಸ್ತರಿಸುತ್ತದೆ. ಹಣ, ಯಶಸ್ಸು ಮತ್ತು ಸಂತೋಷದ ಬಗ್ಗೆ ನಾವು ಹೇಳುವ ಕಥೆಗಳನ್ನು ಹೌಸೆಲ್ ಪ್ರತಿಬಿಂಬಿಸುತ್ತದೆ, ಓದುಗರು ಸಾಮಾಜಿಕ ರೂಢಿಗಳನ್ನು ಪ್ರಶ್ನಿಸಲು ಮತ್ತು ಅವರ ವೈಯಕ್ತಿಕ ನಿರೂಪಣೆಗಳೊಂದಿಗೆ ಹೊಂದಿಕೆಯಾಗುವ ಉದ್ದೇಶಪೂರ್ವಕ ಆಯ್ಕೆಗಳನ್ನು ಮಾಡಲು ಒತ್ತಾಯಿಸುತ್ತದೆ. ಕೊನೆಯಲ್ಲಿ, "ಹಣದ ಮನೋವಿಜ್ಞಾನ"ವು ವೈಯಕ್ತಿಕ ಹಣಕಾಸಿನ ಬಗ್ಗೆ ಉಲ್ಲಾಸಕರ ಮತ್ತು ಒಳನೋಟವುಳ್ಳ ದೃಷ್ಟಿಕೋನವನ್ನು ಹೊಂದಿದೆ. ಸಂಕೀರ್ಣ ಆರ್ಥಿಕ ಪರಿಕಲ್ಪನೆಗಳನ್ನು ಸಂಬಂಧಿತ ಕಥೆಗಳಾಗಿ ಬಟ್ಟಿ ಇಳಿಸುವ ಮಾರ್ಗನ್ ಹೌಸೆಲ್ ಅವರ ಸಾಮರ್ಥ್ಯವು ಈ ಪುಸ್ತಕವನ್ನು ತಮ್ಮ ಹಣಕಾಸಿನ ನಿರ್ಧಾರಗಳ ಹಿಂದಿನ ಮನೋವಿಜ್ಞಾನದ ಆಳವಾದ ತಿಳುವಳಿಕೆಯನ್ನು ಬಯಸುವ ಓದುಗರಿಗೆ ಅಮೂಲ್ಯವಾದ ಸಂಪನ್ಮೂಲವನ್ನಾಗಿ ಮಾಡುತ್ತದೆ. ನೀವು ಹೊಸಬರಾಗಿರಲಿ ಅಥವಾ ಅನುಭವಿ ಹೂಡಿಕೆದಾರರಾಗಿರಲಿ, ಈ ಪುಸ್ತಕದಲ್ಲಿ ಹಂಚಿಕೊಂಡಿರುವ ಬುದ್ಧಿವಂತಿಕೆಯು ಹಣ ಮತ್ತು ಸಂಪತ್ತಿನ ಬಗೆಗಿನ ನಿಮ್ಮ ವಿಧಾನವನ್ನು ಮರುರೂಪಿಸುವ ಸಾಮರ್ಥ್ಯವನ್ನು ಹೊಂದಿದೆ. | ||
| 650 |
_aಹಣದ ಮನೋವಿಜ್ಞಾನ- ಸಂಪತ್ತು , ದುರಾಸೆ ಮತ್ತು ಸೌಖ್ಯದ ಬಗ್ಗೆ ಶಾಶ್ವತ ಮೌಲ್ಯದ ಪಾಠಗಳು _9242546 |
||
| 650 |
_aPsychology of money _9242610 |
||
| 700 |
_aPasha, Abdul Rehman Tr _9242547 |
||
| 700 |
_aಪಾಷ, ಅಬ್ದುಲ್ ರೆಹಮಾನ್ Tr _9242548 |
||
| 942 |
_2ddc _cBK |
||
| 999 |
_c240579 _d240579 |
||